UN sustainable development goals, property and the APC (Record no. 121101)

MARC details
000 -LEADER
fixed length control field 00783nam a2200205 4500
001 - CONTROL NUMBER
control field K121101
007 - PHYSICAL DESCRIPTION FIXED FIELD--GENERAL INFORMATION
fixed length control field ta
008 - FIXED-LENGTH DATA ELEMENTS--GENERAL INFORMATION
fixed length control field 190821b201 ||||| |||| 00| 0 eng d
041 ## - LANGUAGE CODE
Language code of text/sound track or separate title eng
100 ## - MAIN ENTRY--PERSONAL NAME
Personal author Collins, Paul
245 ## - TITLE STATEMENT
Title UN sustainable development goals, property and the APC
490 ## - SERIES TITLE
Series statement Estates Gazette
Volume (1929) 20 July 2019, 46-47(2)
520 ## - ABSTRACT
Abstract Lists and explains the United Nation's (UN) global sustainability goals and its relationship with the APC and property and construction practice. Lists the sustainable principles enshrined in the National Planning Policy Framework 2019.
650 ## - KEYWORDS
Keywords United Nations
650 ## - KEYWORDS
Keywords APC
650 ## - KEYWORDS
Keywords National Planning Policy Framework 2019
651 ## - SUBJECT ADDED ENTRY--GEOGRAPHIC NAME
Geographic name United Kingdom 1973
690 ## - LOCAL SUBJECT ADDED ENTRY--TOPICAL TERM (OCLC, RLIN)
9 (RLIN) 6271
Topical term or geographic name as entry element Sustainability
942 ## - ADDED ENTRY ELEMENTS (KOHA)
Source of classification or shelving scheme Dewey Decimal Classification
Holdings
Withdrawn status Lost status Damaged status Not for loan Home library Current library Shelving location Date acquired Total Checkouts Date last seen Price effective from Koha item type
        London London Journals 21/08/2019   21/08/2019 21/08/2019 Journal article